000 01092cam a2200265 i 4500
003 SA-RiAUC
005 20250101072107.0
008 241215s1994 su g 000r0 ara c
040 _aSA-RiAUC
_bara
_cSA-RiAUC
_erda
082 0 4 _a232.64
_qSA-RiAUC
090 _a232.64
_bظ ا هـ
100 1 _aالظاهري، أبو عبد الرحمن بن عقيل،
_d1357 هجري-
_eمؤلف.
245 1 0 _aبطلان حديث (من عشق فعف) إذا كان مرفوعا، وتحسينه في الوقف /
_cتأليف أبي عبد الرحمن بن عقيل الظاهري.
250 _aالطبعة الأولى.
264 1 _aالرياض :
_bدار ابن حزم للنشر والتوزيع،
_c1995
300 _a59 صفحة ؛
_c22 سم.
336 _aنص
_btxt
_2rdacontent
_3كتاب
337 _aبدون وسيط
_bn
_2rdamedia
338 _aمجلد
_bnc
_2rdacarrier
490 0 _aسلسلة الأجزاء ؛
_v1
650 7 _aالحديث
_xرواية
_2aucsh
650 7 _aالحديث
_xإسناد
_2aucsh
942 _2ddc
_cBOOK
_n0
949 _aSA-JeALM
_d241215
_uosman123
_n1
999 _c4251
_d4251